[Event "Match"]
[Site "www.echecsemail.com"]
[Date "2017.12.26"]
[Round "1"]
[White "Guidom"]
[Black "Apdash"]
[WhiteElo "2170"]
[BlackElo "2260"]
[Result "0-1"]
[Round "1"]
1.e4 e5
2.Ng1f3 Nb8c6
3.Bf1b5 Ng8e7
4.O-O d6
5.c3 a6
6.Bb5a4 b5
7.Ba4c2 Bc8g4
8.d3 Ne7g6
9.h3 Bg4e6
10.d4 exd4
11.cxd4 d5
12.e5 Nc6b4
13.Bc2xg6 hxg6
14.a3 Nb4c6
15.Nb1c3 Bf8e7
16.Bc1e3 g5
17.Nf3h2 Qd8d7
18.Qd1e2 Rh8h4
19.f4 gxf4
20.Rf1xf4 Rh4xf4
21.Be3xf4 Nc6xd4
22.Qe2d3 Be7c5
23.Kh1 Be6f5
24.Qd3g3 Nd4e6
25.Nh2f3 O-O-O
26.b4 Bc5b6
27.a4 bxa4
28.Nc3xa4 Bb6a7
29.Kh2 Rd8h8
30.Bf4d2 Qd7b5
31.Ra1a3 Qb5e2
32.Nf3g5 Qe2xd2
33.Ng5f3 Qd2e2
34.Nf3h4 Ba7f2
35.Qg3f3 Qe2xe5
36.g3 Rh8xh4
37.Qf3xf2 Rh4xh3
38.Kg1 Qe5e4
39.Qf2g2 Qe4e1
40.Qg2f1 Rh3h1
41.Kxh1 Qe1xf1
42.Kh2 Qf1f2
{ resign }
0-1

[Event "Match"]
[Site "www.echecsemail.com"]
[Date "2017.12.26"]
[Round "1"]
[White "Dussek"]
[Black "Ll69"]
[WhiteElo "1900"]
[BlackElo "2040"]
[Result "0-1"]
[Round "1"]
1.c4 f5
2.Ng1f3 Ng8f6
3.Nb1c3 e6
4.h3 b6
5.d4 Bf8b4
6.Bc1g5 O-O
7.e3 Bc8b7
8.Bf1e2 h6
9.Bg5h4 g5
10.Bh4g3 Nf6e4
11.Qd1c2 Ne4xg3
12.fxg3 Bb4d6
13.O-O-O Bd6xg3
14.Nf3e5 Bg3xe5
15.dxe5 Bb7xg2
16.Rh1h2 Bg2b7
17.h4 Nb8c6
18.Rd1g1 Nc6xe5
19.hxg5 hxg5
20.Qc2d1 g4
21.Qd1d4 Qd8f6
22.Be2xg4 Ne5xg4
23.Qd4xd7 Rf8f7
24.Qd7d3 Ra8d8
25.Qd3f1 Rf7g7
26.e4 Ng4xh2
{ resign }
0-1

[Event "Match"]
[Site "www.echecsemail.com"]
[Date "2017.12.26"]
[Round "1"]
[White "Mcjhz"]
[Black "Chapi"]
[WhiteElo "1809"]
[BlackElo "2170"]
[Result "0-1"]
[Round "1"]
1.Ng1f3 c5
2.c4 Nb8c6
3.e3 g6
4.Nb1c3 Bf8g7
5.d4 cxd4
6.exd4 Ng8f6
7.g3 O-O
8.a4 b6
9.b3 Bc8b7
10.Bf1g2 Nf6g4
11.O-O Ra8c8
12.h3 Ng4h6
13.Bc1e3 Nh6f5
14.Nc3e2 Rc8c7
15.Be3c1 Qd8a8
16.Ra1a2 Nc6xd4
17.Ne2xd4 Nf5xd4
 { time }
0-1

[Event "Match"]
[Site "www.echecsemail.com"]
[Date "2017.12.26"]
[Round "1"]
[White "Whitekknight"]
[Black "Apdash"]
[WhiteElo "1930"]
[BlackElo "2200"]
[Result "0-1"]
[Round "1"]
1.e4 c5
2.Ng1f3 d6
3.Bf1c4 e6
4.c3 g6
5.O-O Bf8g7
6.d3 a6
7.a4 Nb8c6
8.Bc1e3 Ng8e7
9.d4 cxd4
10.cxd4 d5
11.exd5 exd5
12.Bc4b3 Bc8g4
13.h3 Bg4f5
14.Nb1c3 O-O
15.Rf1e1 h6
16.Nf3h4 Bf5e6
17.g4 Nc6a5
18.Bb3a2 Ne7c6
19.Nh4f3 Nc6e7
20.Be3f4 Na5c6
21.Nf3e5 Qd8b6
22.Qd1c1 Qb6xd4
23.Ne5f3 Qd4b6
24.Bf4xh6 Nc6d4
25.Bh6xg7 Nd4xf3
26.Kf1 Kxg7
27.Re1e2 Nf3d4
28.Re2e3 Ra8c8
29.Ra1b1 Qb6d6
30.Re3d3 Nd4c6
31.Qc1d2 Nc6b4
32.Nc3e4 Qd6b6
33.Qd2c3 Rc8xc3
34.bxc3 dxe4
35.Rb1xb4 Qb6xb4
{ resign }
0-1

[Event "Tourn. n9605"]
[Site "www.chess-mail.com"]
[Date "2017.12.27"]
[Round "1"]
[White "Bigrezi"]
[Black "Sorim"]
[WhiteElo "2220"]
[BlackElo "2070"]
[Result "1-0"]
[Round "1"]
1.e4 c5
2.Ng1f3 Nb8c6
3.d4 cxd4
4.Nf3xd4 Qd8b6
5.Nd4b3 Ng8f6
6.Nb1c3 d6
7.Bf1d3 Nc6e5
8.Bc1e3 Qb6d8
9.Bd3b5 Ne5d7
10.O-O a6
11.Bb5e2 b5
12.a4 b4
13.Nc3d5 e6
14.Nd5xf6 Nd7xf6
15.Qd1d4 a5
16.Rf1d1 Bf8e7
17.e5 Nf6d5
18.exd6 Be7xd6
19.Qd4xg7 Rh8f8
20.Rd1xd5 exd5
21.Be3g5 Qd8c7
22.Be2b5 { resign }
1-0

[Event "Tourn. n9602"]
[Site "www.chess-mail.com"]
[Date "2017.12.27"]
[Round "1"]
[White "Claymil"]
[Black "Falcoale"]
[WhiteElo "2090"]
[BlackElo "2000"]
[Result "1-0"]
[Round "1"]
1.c4 Ng8f6
2.Nb1c3 e6
3.g3 d6
4.Bf1g2 Bf8e7
5.e3 O-O
6.Ng1e2 c6
7.d4 Nb8d7
8.O-O Nf6e8
9.a3 d5
10.cxd5 exd5
11.b4 Ne8f6
12.Bc1b2 Nd7b6
13.Ne2f4 Nb6c4
14.Bb2c1 Rf8e8
15.Nf4d3 Bc8g4
16.f3 Bg4f5
17.g4 Bf5g6
18.Nd3e5 Nc4xe5
19.dxe5 Nf6d7
20.f4 f6
21.e6 Nd7b6
22.f5 Bg6xf5
23.gxf5 Nb6c4
24.Qd1e2 Ra8c8
25.e4 Nc4b6
26.Bc1b2 Nb6c4
27.exd5 Nc4xb2
28.Qe2xb2 cxd5
29.Nc3xd5 Be7d6
30.Ra1d1 Rc8c6
31.Nd5xf6 Qd8xf6
32.Qb2xf6 gxf6
33.Bg2xc6 Bd6xh2
34.Kxh2 bxc6
35.Rd1d7 { resign }
1-0

[Event "Tourn. n9642"]
[Site "www.chess-mail.com"]
[Date "2017.12.27"]
[Round "1"]
[White "Nulladies"]
[Black "Dussek"]
[WhiteElo "1880"]
[BlackElo "1880"]
[Result "1-0"]
[Round "1"]
1.d4 d5
2.Bc1f4 Ng8f6
3.e3 Nb8c6
4.Bf1d3 g6
5.Nb1d2 Bf8g7
6.Ng1f3 Bc8g4
7.h3 Bg4d7
8.c4 e6
9.O-O Nc6e7
10.Nf3e5 O-O
11.Ra1c1 c6
12.cxd5 Ne7xd5
13.Bf4g3 Bd7c8
14.a3 Nf6d7
15.Nd2f3 Nd7f6
16.Qd1b3 Nf6d7
17.e4 Nd7xe5
18.dxe5 Nd5b6
19.Rf1d1 Qd8e7
20.Bg3h4 Qe7e8
21.Rc1c5 Nb6d7
22.Rc5c2 Nd7b6
23.Rc2d2 h6
24.Bh4g3 Bc8d7
25.Bd3c2 Ra8d8
26.Nf3e1 h5
27.Bg3h4 Rd8c8
28.Ne1d3 c5
29.Nd3f4 c4
30.Qb3e3 Bg7xe5
31.Nf4xh5 Be5g7
32.Nh5xg7 Kxg7
33.e5 Rc8c7
34.Bh4f6 Kh7
35.Qe3f4 { resign }
1-0

[Event "Tourn. n9469"]
[Site "www.chess-mail.com"]
[Date "2017.12.27"]
[Round "1"]
[White "Gvladutz"]
[Black "Conde7"]
[WhiteElo "2379"]
[BlackElo "2850"]
[Result "0-1"]
[Round "1"]
1.d4 Ng8f6
2.c4 e6
3.Ng1f3 Bf8b4
4.Nb1d2 O-O
5.e3 d5
6.a3 Bb4e7
7.b3 Nb8d7
8.Bf1d3 c5
9.Bc1b2 cxd4
10.exd4 b6
11.O-O Bc8b7
12.Rf1e1 Be7d6
13.Nf3e5 Ra8c8
14.Re1e3 g6
15.Ra1c1 dxc4
16.bxc4 Nd7xe5
17.dxe5 Bd6c5
18.Re3g3 Nf6h5
19.Qd1xh5 Qd8xd3
20.Rg3xd3 gxh5
21.Nd2b3 Bc5e7
22.Rd3d7 Be7g5
23.Rc1e1 Bb7a6
24.Nb3d4 Ba6xc4
25.Nd4f3 Bg5f4
26.Rd7xa7 b5
27.h4 Bc4d5
28.Nf3d4 Rc8c5
29.g3 Bf4h6
30.Ra7a6 Rf8c8
31.Re1d1 Bh6g7
32.f4 Bd5c4
33.Kf2 Bg7f8
34.Ke3 Rc5d5
35.Ra6a7 Bf8c5
36.Ra7b7 h6
37.Rd1c1 Rc8a8
38.Rc1d1 Ra8a4
39.Rd1d2 Bc4f1
40.Kf2 Bf1h3
41.Ke3 Kg7
42.Rb7b8 Bh3f5
43.Rb8b7 Ra4c4
44.Rb7b8 f6
45.Rb8b7 Kg6
46.exf6 Kxf6
47.Rb7b8 Ke7
48.Rb8b7 Ke8
49.Rb7b8 Kd7
50.Rb8a8 Bf5g4
51.Ke4 Bg4f5
52.Ke3 Bf5g4
53.Ke4 Kc7
54.Ra8a5 Bg4f5
55.Ke3 Bf5g4
56.Ke4 Bg4h3
57.Ke3 Bh3f5
58.Ra5a8 e5
59.fxe5 Rd5xe5
60.Kf4 Bc5d6
61.Ra8g8 Bf5g4
62.Rg8xg4 hxg4
63.Kxg4 Re5e3
64.Kf5 Rc4c5
65.Kf6 Rc5d5
66.g4 Kd7
67.Kg6 Bd6xa3
68.Bb2xa3 Re3xa3
69.Kxh6 Ra3a4
70.Nd4b3 Rd5xd2
71.Nb3xd2 Ra4xg4
72.h5 b4
73.Kh7 Rg4g3
74.Nd2e4 b3
75.Ne4c5 Kd6
76.Nc5xb3 Rg3xb3
77.h6 Ke7
78.Kg6 Rb3h3
79.h7 Kf8
{ resign }
0-1

[Event "Tourn. n9651"]
[Site "www.chess-mail.com"]
[Date "2017.12.27"]
[Round "1"]
[White "Begory"]
[Black "Pariolinius"]
[WhiteElo "1570"]
[BlackElo "1670"]
[Result "0-1"]
[Round "1"]
1.d4 d5
2.Bc1f4 Ng8f6
3.Nb1c3 e6
4.Nc3b5 Nb8a6
5.e3 c6
6.Nb5c3 Bf8b4
7.Bf1xa6 bxa6
8.Qd1d3 O-O
9.O-O-O a5
10.a3 Bb4xc3
11.Qd3xc3 Bc8b7
12.Ng1f3 Ra8c8
13.Qc3b3 Bb7a6
14.Nf3e5 Rc8b8
15.Qb3c3 Nf6e4
16.Qc3e1 Rb8c8
17.f3 Ne4f6
18.Bf4g5 h6
19.Ne5xc6 Rc8xc6
20.Bg5f4 Qd8b6
21.c3 Ba6c4
22.Qe1g3 Nf6h5
23.Qg3g4 Nh5xf4
24.Qg4xf4 Rf8b8
25.Rd1d2 Qb6b3
26.e4 Qb3a2
27.Qf4xb8 Kh7
28.Rd2d1 Bc4e2
29.Rd1e1 Be2d3
30.exd5 Rc6b6
31.Qb8xa7 Qa2xb2
32.Kd1 Qb2c2
{ resign }
0-1

[Event "Tourn. n9528"]
[Site "www.chess-mail.com"]
[Date "2017.12.27"]
[Round "1"]
[White "Seger"]
[Black "Vaido12"]
[WhiteElo "2710"]
[BlackElo "2500"]
[Result "1/2-1/2"]
[Round "1"]
1.d4 d5
2.e3 Ng8f6
3.c4 e6
4.Ng1f3 b6
5.b3 Nb8d7
6.Bf1d3 Bc8b7
7.O-O c5
8.Bc1b2 dxc4
9.bxc4 Bf8e7
10.Nb1c3 cxd4
11.exd4 a6
12.Qd1e2 O-O
13.Rf1e1 Ra8c8
14.d5 Nf6h5
15.Ra1d1 Nh5f4
16.Qe2c2 Nf4xd3
17.Qc2xd3 Nd7c5
18.Qd3d4 b5
19.cxb5 Be7f6
20.Qd4b4 Bb7xd5
21.Nc3xd5 Bf6xb2
22.Qb4xb2 exd5
23.bxa6 Nc5xa6
24.Qb2b7 Qd8a5
25.Qb7xd5 Qa5xd5
26.Rd1xd5 Na6b4
27.Rd5d2 Rc8a8
28.Re1a1 g6
29.Nf3e5 Rf8c8
30.g3 Rc8c5
31.Rd2b2 Rc5xe5
32.Rb2xb4 Ra8a3
33.Rb4b3 Re5a5
34.Rb3xa3 Ra5xa3
35.Kf1 f5
36.Ke1 g5
37.Ra1c1 Ra3xa2
38.Rc1c5 { draw }
1/2-1/2

[Event "Tourn. n9586"]
[Site "www.chess-mail.com"]
[Date "2017.12.27"]
[Round "1"]
[White "Jackbauer"]
[Black "Falcoale"]
[WhiteElo "1930"]
[BlackElo "2020"]
[Result "0-1"]
[Round "1"]
1.e4 c5
2.f4 e6
3.Ng1f3 Nb8c6
4.Nb1c3 b6
5.Bf1e2 Bc8b7
6.O-O d5
7.exd5 exd5
8.Be2b5 Ng8f6
9.d4 a6
10.Bb5xc6 Bb7xc6
11.Rf1e1 Bf8e7
12.Nc3e2 O-O
13.Ne2c3 cxd4
14.Nf3xd4 Bc6b7
15.a3 Be7c5
16.Bc1e3 Nf6e4
17.Nc3xe4 dxe4
18.c3 Qd8f6
19.b4 Ra8d8
20.Ra1a2 Bc5xd4
21.cxd4 Bb7d5
22.Ra2a1 Rd8c8
23.Ra1c1 b5
24.g3 Bd5c4
25.Qd1g4 Rc8c7
26.f5 Rf8d8
27.Qg4xe4 Rc7e7
28.Qe4f3 Rd8e8
29.Rc1c3 Re7e4
30.a4 Re4xd4
31.Kf2 Rd4d8
32.g4 Qf6xc3
33.Re1c1 Qc3b2
34.Kg3 Rd8d3
35.Kh4 Rd3xe3
{ resign }
0-1

[Event "Tourn. n9562"]
[Site "www.chess-mail.com"]
[Date "2017.12.27"]
[Round "1"]
[White "Passaroa25"]
[Black "Osopanda"]
[WhiteElo "1680"]
[BlackElo "1620"]
[Result "1/2-1/2"]
[Round "1"]
1.f3 e5
2.c3 d5
3.e3 Ng8f6
4.Ng1e2 Bf8d6
5.Ne2g3 O-O
6.Bf1e2 c5
7.O-O Nb8c6
8.Be2d3 Qd8e7
9.Ng3f5 Bc8xf5
10.Bd3xf5 d4
11.Nb1a3 e4
12.Bf5xe4 Nf6xe4
13.fxe4 dxe3
14.d3 Qe7e5
15.Bc1xe3 Qe5xh2
16.Kf2 Bd6g3
17.Ke2 Qh2xg2
18.Be3f2 Bg3xf2
19.Rf1xf2 Qg2g4
20.Ke1 Qg4xd1
21.Ra1xd1 Ra8d8
22.Na3c4 Rf8e8
23.Nc4e3 Nc6e5
24.Ne3d5 c4
25.Ke2 cxd3
26.Ke3 Ne5g4
27.Kxd3 Ng4xf2
28.Kd2 Nf2xd1
29.Kxd1 Re8xe4
30.Kc2 Rd8xd5
31.Kb3 h5
32.c4 Rd5d3
33.Kb4 a5
34.Kb5 h4
35.Kxa5 Re4xc4
36.a4 Rd3b3

1/2-1/2

[Event "Tourn. n9593"]
[Site "www.chess-mail.com"]
[Date "2017.12.27"]
[Round "1"]
[White "Madz123456"]
[Black "Libiesse"]
[WhiteElo "1640"]
[BlackElo "1840"]
[Result "1-0"]
[Round "1"]
1.c4 c5
2.Ng1f3 e6
3.e4 Nb8c6
4.Nb1c3 g6
5.d4 cxd4
6.Nf3xd4 Bf8g7
7.Nd4b5 a6
8.Nb5d6 Kf8
9.Bc1e3 Ng8f6
10.Bf1e2 Nf6e8
11.Nd6xe8 Qd8xe8
12.c5 Qe8e7
13.Qd1d2 f5
14.O-O Ke8
15.exf5 gxf5
16.Ra1d1 Rh8f8
17.Be2h5 Kd8
18.Rf1e1 Bg7xc3
19.bxc3 Rf8g8
20.Be3f4 Qe7h4
21.Re1xe6 Qh4xh5
22.Qd2d6 { resign }
1-0

[Event "Tourn. n9657"]
[Site "www.chess-mail.com"]
[Date "2017.12.27"]
[Round "1"]
[White "Aljekiene"]
[Black "Falcoale"]
[WhiteElo "1799"]
[BlackElo "1870"]
[Result "1/2-1/2"]
[Round "1"]
1.e4 c5
2.Nb1c3 Nb8c6
3.g3 e6
4.Bf1g2 Ng8f6
5.d3 Ra8b8
6.f4 d5
7.e5 Nf6d7
8.Ng1e2 a6
9.O-O Bf8e7
10.Kh1 O-O
11.Ne2g1 f6
12.exf6 Nd7xf6
13.Ng1f3 Bc8d7
14.Nf3e5 Nc6xe5
15.fxe5 Nf6e8
16.Rf1xf8 Be7xf8
17.Qd1g4 g6
18.Bc1g5 Bf8e7
19.Bg5xe7 Qd8xe7
20.Ra1f1 Ne8g7
21.Qg4f4 Rb8f8
22.Qf4xf8 Qe7xf8
23.Rf1xf8 Kxf8
{ draw }
1/2-1/2

[Event "Match"]
[Site "www.echecsemail.com"]
[Date "2017.12.27"]
[Round "1"]
[White "Tarasch"]
[Black "Susov"]
[WhiteElo "1499"]
[BlackElo "1830"]
[Result "1-0"]
[Round "1"]
1.d4 Ng8f6
2.c4 d5
3.Nb1c3 Bc8f5
4.e3 e6
5.Bf1d3 Bf8b4
6.Bd3xf5 exf5
7.cxd5 Nf6xd5
8.Ng1e2 O-O
9.O-O Nb8c6
10.Qd1b3 Nd5xc3
11.Ne2xc3 Qd8e7
12.Bc1d2 Nc6a5
13.Qb3d5 Na5c6
14.Qd5xf5 Ra8d8
15.Rf1d1 Qe7e6
16.Qf5xe6 fxe6
17.Nc3b5 Rf8f5
18.Bd2xb4 Nc6xb4
19.Nb5xc7 a6
20.Nc7xe6 Rd8d7
21.a3 Nb4c6
22.Ra1c1 Kf7
23.Ne6f4 g5
24.Nf4d3  { time }
1-0

[Event "Match"]
[Site "www.echecsemail.com"]
[Date "2017.12.27"]
[Round "1"]
[White "Mystakerchon"]
[Black "Traub"]
[WhiteElo "1090"]
[BlackElo "1410"]
[Result "0-1"]
[Round "1"]
1.d4 f5
2.Ng1f3 d6
3.c4 Ng8f6
4.Nb1c3 Nb8d7
5.Bc1g5 g6
6.Bg5xf6 Nd7xf6
7.e3 Bf8g7
8.Bf1d3 c6
9.O-O Qd8c7
10.Rf1e1 O-O
11.b4 e5
12.dxe5 dxe5
13.Bd3c2 h6
14.e4 fxe4
15.Nc3xe4 Bc8e6
16.Bc2b3 Ra8d8
17.Qd1c2 Kh7
18.Ne4c5 Be6f5
19.Qc2b2 e4
20.Nf3e5 Nf6g4
 { time }
0-1

[Event "Match"]
[Site "www.echecsemail.com"]
[Date "2017.12.27"]
[Round "1"]
[White "Redapond1"]
[Black "Iko"]
[WhiteElo "1680"]
[BlackElo "1620"]
[Result "1-0"]
[Round "1"]
1.d4 d5
2.Bc1f4 Nb8c6
3.Nb1c3 Bc8e6
4.a3 Qd8d7
5.e3 O-O-O
6.Ng1f3 Be6g4
7.Bf1e2 Qd7e6
8.h3 Ng8f6
9.hxg4 Qe6xg4
10.Nf3e5 Qg4xg2
11.Be2f3 Qg2xh1
12.Bf3xh1 Rd8d6
13.Ne5xf7 Nf6h5
14.Bf4xd6 cxd6
15.Qd1xh5 g6
16.Qh5h3 Kc7
17.Nc3xd5 Kb8
18.Qh3d7 Rh8g8
19.Qd7e8 Nc6d8
20.Qe8xd8 
1-0

[Event "Match"]
[Site "www.echecsemail.com"]
[Date "2017.12.27"]
[Round "1"]
[White "Sonny1000"]
[Black "Billyg"]
[WhiteElo "1580"]
[BlackElo "1730"]
[Result "1-0"]
[Round "1"]
1.e4 e5
2.Ng1f3 d6
3.Nb1c3 Ng8f6
4.Nc3d5 Nf6xd5
5.exd5 Bc8g4
6.h3 Bg4h5
7.Bf1b5 c6
8.g4 Bh5g6
9.Bb5a4 b5
10.Ba4b3 Qd8c7
11.Nf3h4 Qc7b7
12.Nh4xg6 hxg6
13.g5 cxd5
14.Qd1f3 e4
15.Qf3f4 Nb8d7
16.d4 a5
17.Bb3xd5 Qb7c8
18.Bd5xa8 Qc8xa8
19.Bc1e3 Bf8e7
20.a3 O-O
21.O-O f6
22.Qf4g4 f5
23.Qg4h4 Kf7
24.Qh4f4 Qa8b8
25.Qf4h4 Rf8h8
26.Qh4f4 d5
27.Qf4xb8 Nd7xb8
28.Kh2 Be7d6
29.Kg2 Rh8h4
30.c3 f4
31.f3 fxe3
32.Ra1e1 exf3
33.Rf1xf3 Kg8
34.Rf3xe3 Nb8d7
35.Re3e8 Kh7
36.Re8d8 Bd6f4
37.Rd8xd7 Bf4xg5
38.Rd7xd5 Bg5d2
39.Re1d1 Bd2f4
40.Rd5xb5 g5
41.Rb5xa5 g6
42.Ra5a7 Kh6
43.d5 g4
44.Rd1h1 Rh4h5
45.Ra7a5 Bf4d6
46.hxg4 { resign }
1-0

[Event "Match"]
[Site "www.echecsemail.com"]
[Date "2017.12.27"]
[Round "1"]
[White "Ericleo1980"]
[Black "Pangloss"]
[WhiteElo "2190"]
[BlackElo "1809"]
[Result "0-1"]
[Round "1"]
1.e4 e5
2.Ng1f3 Nb8c6
3.Bf1b5 f5
4.d3 Ng8f6
5.exf5 Nc6e7
6.Nf3xe5 c6
7.Bb5c4 Qd8a5
8.Nb1c3 Qa5xe5
9.Bc1e3 d5
10.d4 Qe5xf5
11.Bc4d3 Qf5g4
12.Qd1d2 Nf6e4
13.Nc3xe4 dxe4
14.Bd3c4 Ne7d5
15.Bc4xd5 cxd5
16.Qd2a5 Qg4d7
17.Be3f4 Bf8e7
18.Bf4e5 b6
19.Qa5c3 O-O
20.O-O Bc8a6
21.Rf1e1 Ra8c8
22.Qc3g3 Be7f6
23.c3 Bf6xe5
24.Qg3xe5 Rc8e8
25.Qe5g3 Rf8f6
{ resign }
0-1

[Event "Match"]
[Site "www.echecsemail.com"]
[Date "2017.12.27"]
[Round "1"]
[White "Bojan"]
[Black "Ssharp"]
[WhiteElo "2060"]
[BlackElo "2250"]
[Result "0-1"]
[Round "1"]
1.e4 e5
2.Ng1f3 Ng8f6
3.d4 exd4
4.Nf3xd4 Nf6xe4
5.Qd1f3 d5
6.Qf3e2 Bf8e7
7.Nb1d2 Ne4f6
8.h3 O-O
9.Qe2f3 c6
10.c4 dxc4
11.Nd4c2 b5
12.b3 c3
13.Nd2e4 Nf6xe4
14.Qf3xe4 Rf8e8
15.Bf1e2 Be7c5
16.Qe4f3 Qd8e7
17.Bc1e3 Bc5xe3
18.fxe3 Bc8b7
19.Qf3f5 c5
20.O-O Bb7e4
21.Qf5h5 Be4xc2
22.Be2xb5 Re8d8
23.Ra1c1 Qe7xe3
24.Kh1 Bc2g6
25.Qh5h4 f6
26.Rf1f3 Qe3xc1
{ resign }
0-1

[Event "1/8 Finale"]
[Site "www.chess-mail.com"]
[Date "2017.12.27"]
[Round "1"]
[White "Vgrynyuk"]
[Black "Sachpat"]
[WhiteElo "2750"]
[BlackElo "2810"]
[Result "1/2-1/2"]
[Round "1"]
1.e4 e5
2.Ng1f3 Nb8c6
3.Bf1b5 Ng8f6
4.O-O Nf6xe4
5.d4 Ne4d6
6.Bb5xc6 dxc6
7.dxe5 Nd6f5
8.Qd1xd8 Kxd8
9.Rf1d1 Ke8
10.Nb1c3 a5
11.h3 a4
12.Bc1d2 Bc8e6
13.b3 b5
14.bxa4 b4
15.Nc3e2 Ra8xa4
16.c3 Ra4xa2
17.cxb4 Ra2xa1
18.Rd1xa1 Kd7
19.Ra1a8 Nf5e7
20.Ne2f4 Ne7c8
21.Nf3g5 Bf8e7
22.Ng5xe6 fxe6
23.Nf4h5 c5
24.bxc5 Be7xc5
25.Nh5xg7 Bc5d4
26.Bd2f4 Bd4a7
27.g4 Rh8g8
28.Bf4h6 Ba7d4
29.Ra8a5 Nc8b6
30.Ng7h5 Kc6
31.Nh5f6 Rg8g6
32.Bh6f4 Nb6d5
33.Nf6xd5 exd5
34.Ra5a6 Kd7
35.e6 Rg6xe6
36.Ra6xe6 Kxe6
37.Bf4xc7 Bd4e5
38.Bc7xe5 Kxe5
39.f3 Kd4
40.f4 Kc3
41.f5 d4
42.f6 d3
43.f7 d2
44.f8Q d1Q
45.Kg2 Qd1e2
46.Kg3 Qe2e1
47.Qf8f2 Qe1xf2
48.Kxf2 Kd4
49.Kf3 Ke5
50.Ke3 h5
51.gxh5 { draw }
1/2-1/2

[Event "Fast Game"]
[Site "www.echecsemail.com"]
[Date "2017.12.27"]
[Round "1"]
[White "Pellix84"]
[Black "Attatroll"]
[WhiteElo "1670"]
[BlackElo "1820"]
[Result "0-1"]
[Round "1"]
1.d4 d5
2.Ng1f3 Ng8f6
3.c4 dxc4
4.Nb1c3 e6
5.e4 Bf8e7
6.Bf1xc4 O-O
7.O-O c6
8.Bc4b3 Nb8a6
9.a3 Bc8d7
10.Bc1g5 Na6c7
11.Qd1d3 h6
12.Bg5xf6 Be7xf6
13.e5 Bf6e7
 { time }
0-1

[Event "Tourn. n9646"]
[Site "www.chess-mail.com"]
[Date "2017.12.28"]
[Round "1"]
[White "Jopesilo"]
[Black "Francesco"]
[WhiteElo "2059"]
[BlackElo "2160"]
[Result "1-0"]
[Round "1"]
1.e4 c6
2.d4 d5
3.e5 Bc8f5
4.Ng1f3 e6
5.Bf1e2 c5
6.Bc1e3 Nb8d7
7.O-O cxd4
8.Nf3xd4 Bf5g6
9.c4 Nd7xe5
10.cxd5 Qd8xd5
11.Qd1a4 Ne5d7
12.Rf1d1 Qd5d6
13.Nd4b5 Qd6e5
14.Nb1c3 Ng8f6
15.Be3f4 Qe5f5
16.Nb5c7 Kd8
17.Nc7xa8 Kc8
18.Ra1c1 { resign }
1-0

[Event "Tourn. n9671"]
[Site "www.chess-mail.com"]
[Date "2017.12.28"]
[Round "1"]
[White "Falcoale"]
[Black "Osopanda"]
[WhiteElo "1900"]
[BlackElo "1800"]
[Result "1/2-1/2"]
[Round "1"]
1.e4 c5
2.Ng1f3 d6
3.Bf1c4 e6
4.O-O Nb8c6
5.a3 Ng8f6
6.d3 Bf8e7
7.h3 O-O
8.Nb1d2 Nc6d4
9.Nf3xd4 { draw }
1/2-1/2

[Event "Tourn. n9651"]
[Site "www.chess-mail.com"]
[Date "2017.12.28"]
[Round "1"]
[White "Pariolinius"]
[Black "Pachi"]
[WhiteElo "1670"]
[BlackElo "1640"]
[Result "1-0"]
[Round "1"]
1.Ng1f3 b6
2.g3 Bc8b7
3.Bf1g2 f6
4.O-O e5
5.d3 e4
6.dxe4 Bb7xe4
7.Nb1c3 d5
8.Nc3xe4 dxe4
9.Nf3d4 c5
10.Nd4e6 Qd8c8
11.Bg2xe4 Nb8c6
12.Be4f5 Qc8b7
13.Bc1f4 g6
14.Bf5e4 Ra8c8
15.Ne6xf8 Kxf8
16.Qd1d6 Ke8
17.Qd6e6 Kf8
18.Ra1d1 Qb7e7
19.Qe6xc8 { resign }
1-0

[Event "Tourn. n9637"]
[Site "www.chess-mail.com"]
[Date "2017.12.28"]
[Round "1"]
[White "Vios"]
[Black "Numanoid"]
[WhiteElo "2250"]
[BlackElo "2390"]
[Result "1/2-1/2"]
[Round "1"]
1.e4 Nb8c6
2.d4 d5
3.e5 Bc8f5
4.Ng1f3 e6
5.Bf1e2 Nc6b4
6.Nb1a3 c5
7.c3 Nb4c6
8.O-O cxd4
9.cxd4 Bf8xa3
10.bxa3 Ng8e7
11.Bc1b2 O-O
12.Ra1c1 Ne7g6
13.Rf1e1 { draw }
1/2-1/2

[Event "Tourn. n9630"]
[Site "www.chess-mail.com"]
[Date "2017.12.28"]
[Round "1"]
[White "Darko10"]
[Black "Krystek23"]
[WhiteElo "2800"]
[BlackElo "2470"]
[Result "1-0"]
[Round "1"]
1.c4 e5
2.Nb1c3 c6
3.Ng1f3 d6
4.d4 exd4
5.Nf3xd4 Ng8f6
6.e4 a6
7.Bf1e2 Bf8e7
8.Bc1f4 O-O
9.O-O Rf8e8
10.Qd1c2 Nb8d7
11.Ra1d1 g6
12.Nd4b3 b5
13.Bf4xd6 Be7xd6
14.Rd1xd6 b4
15.Nc3a4 Nf6xe4
16.Rd6d1 Ne4f6
17.Qc2d2 Qd8c7
18.Rf1e1 a5
19.c5 Kg7
20.h3 h6
21.Be2f1 Re8xe1
22.Rd1xe1 Bc8a6
23.Bf1xa6 Ra8xa6
24.Nb3d4 Qc7d8
25.Na4b6 Nd7xb6
26.Nd4e6 fxe6
27.Qd2xd8 Nb6d5
28.Qd8b8 { resign }
1-0

[Event "Tourn. n9616"]
[Site "www.chess-mail.com"]
[Date "2017.12.28"]
[Round "1"]
[White "Piekki"]
[Black "Vios"]
[WhiteElo "2160"]
[BlackElo "2210"]
[Result "0-1"]
[Round "1"]
1.e4 d6
2.d4 g6
3.Bc1e3 Bf8g7
4.Bf1c4 Ng8f6
5.f3 a6
6.Nb1a3 b5
7.Bc4b3 O-O
8.Ng1e2 Nb8d7
9.Qd1d2 c5
10.c4 b4
11.Na3c2 Qd8c7
12.a3 cxd4
13.Nc2xd4 e5
14.Nd4c2 Nd7c5
15.Be3xc5 dxc5
16.axb4 cxb4
17.Qd2xb4 Ra8b8
18.Qb4c3 Bc8e6
19.Nc2e3 Rf8c8
20.Ra1a3 Bg7f8
21.O-O Bf8xa3
22.bxa3 Qc7c5
23.Kh1 Qc5xa3
24.Rf1b1 a5
{ resign }
0-1

[Event "Match"]
[Site "www.echecsemail.com"]
[Date "2017.12.28"]
[Round "1"]
[White "Aljekiene"]
[Black "Dussek"]
[WhiteElo "1799"]
[BlackElo "1880"]
[Result "1-0"]
[Round "1"]
1.e4 c6
2.d4 d5
3.exd5 cxd5
4.c4 e6
5.Nb1c3 Bf8b4
6.a3 Bb4xc3
7.bxc3 Ng8f6
8.Bf1d3 Nb8c6
9.Ng1e2 O-O
10.Bc1g5 h6
11.Bg5h4 Bc8d7
12.cxd5 exd5
13.O-O Bd7g4
14.h3 Bg4h5
15.Bh4xf6 Qd8xf6
16.Qd1c2 Ra8e8
17.Ra1b1 b6
18.Rb1b5 Nc6e7
19.Qc2d2 a6
20.Rb5b2 b5
21.Ne2f4 Bh5g6
22.Bd3xg6 Ne7xg6
23.Nf4xd5 Qf6d6
24.Nd5e3 Qd6xa3
25.Rb2a2 Qa3d6
26.Rf1a1 Re8a8
27.Qd2d3 Ng6f4
28.Qd3e4 Nf4g6
29.Qe4d5 Qd6f6
30.Ne3c2 Ng6f4
31.Qd5f3 Qf6d6
32.Nc2b4 Rf8c8
33.Ra2xa6 Qd6c7
34.Ra6xa8 Rc8xa8
35.Ra1xa8 Kh7
36.Qf3e4 Nf4g6
37.Qe4d3 Qc7b7
38.Ra8a5 Kg8
39.Ra5xb5 Qb7a7
40.Nb4c6 Qa7a1
41.Rb5b1 Qa1a8
42.Rb1b8 { resign }
1-0

[Event "Match"]
[Site "www.echecsemail.com"]
[Date "2017.12.28"]
[Round "1"]
[White "Estonia"]
[Black "Ll69"]
[WhiteElo "2010"]
[BlackElo "2040"]
[Result "0-1"]
[Round "1"]
1.d4 f5
2.c4 e6
3.Ng1f3 Ng8f6
4.Bc1g5 Bf8b4
5.Nb1c3 O-O
6.a3 Bb4xc3
7.bxc3 c5
8.e4 fxe4
9.Nf3d2 d5
10.dxc5 Qd8c7
11.Bg5e3 Nb8d7
12.Bf1e2 Nd7xc5
13.O-O b6
14.Nd2b3 Nc5xb3
15.Qd1xb3 Bc8a6
16.Ra1d1 Ra8c8
17.g3 Ba6xc4
18.Be2xc4 Qc7xc4
19.Qb3xc4 Rc8xc4
20.Be3d4 Nf6d7
21.Rd1a1 e5
22.Bd4e3 Rc4xc3
23.Be3d2 Rc3c2
24.Bd2b4 Rf8f3
25.Ra1c1 Rf3xf2
26.Rf1xf2 Rc2xc1
27.Kg2 d4
28.Rf2e2 e3
29.h4 Nd7f6
30.Bb4d6 Nf6d5
31.Bd6xe5 d3
{ resign }
0-1

[Event "Match"]
[Site "www.echecsemail.com"]
[Date "2017.12.28"]
[Round "1"]
[White "Susov"]
[Black "Ditto"]
[WhiteElo "1830"]
[BlackElo "1850"]
[Result "0-1"]
[Round "1"]
1.e4 e5
2.Ng1f3 Nb8c6
3.Bf1c4 Ng8f6
4.Nb1c3 Bf8b4
5.d3 d6
6.O-O Bc8g4
7.Nc3d5 Nf6xd5
8.Bc4xd5 Qd8d7
9.a3 Bb4c5
10.h3 Bg4h5
11.b4 Bc5b6
12.c4 O-O
13.g4 Bh5g6
14.Bc1e3 Nc6d8
15.Be3xb6 axb6
16.c5 bxc5
17.Qd1b3 c6
18.Bd5c4 b5
19.Ra1c1 bxc4
20.dxc4 Nd8e6
21.Rf1d1 Ra8b8
22.Nf3xe5 Qd7e7
23.Ne5xc6 Qe7f6
24.Nc6xb8 Rf8xb8
25.f3 Ne6f4
26.Qb3c3 { time. }
0-1

[Event "Match"]
[Site "www.echecsemail.com"]
[Date "2017.12.28"]
[Round "1"]
[White "Aperturaf"]
[Black "Chessington"]
[WhiteElo "2630"]
[BlackElo "2790"]
[Result "1/2-1/2"]
[Round "1"]
1.e4 e6
2.d4 d5
3.Bf1d3 dxe4
4.Bd3xe4 Ng8f6
5.Be4f3 c5
6.Ng1e2 Bf8e7
7.Nb1c3 O-O
8.Bc1e3 Qd8a5
9.O-O Nb8c6
10.dxc5 Be7xc5
11.Be3xc5 Qa5xc5
12.Nc3a4 Qc5b5
13.Ne2c3 Qb5a6
14.Qd1d6 Rf8d8
15.Qd6c7 Nf6e8
16.Qc7g3 Nc6d4
17.Ra1d1 Qa6a5
18.a3 h6
19.b4 Qa5f5
20.Na4c5 Nd4xf3
21.gxf3 Qf5f6
22.Nc5e4 Qf6e7
23.Rd1xd8 Qe7xd8
24.Rf1d1 Qd8e7
25.Ne4d6 Ne8xd6
26.Qg3xd6 Qe7g5
27.Qd6g3 Qg5e7
28.Qg3d6 { draw }
1/2-1/2

[Event "Match"]
[Site "www.echecsemail.com"]
[Date "2017.12.28"]
[Round "1"]
[White "Gidi5"]
[Black "Ericleo1980"]
[WhiteElo "2059"]
[BlackElo "2280"]
[Result "0-1"]
[Round "1"]
1.e4 c5
2.Ng1f3 d6
3.d4 cxd4
4.Nf3xd4 Ng8f6
5.Nb1c3 a6
6.Bc1e3 e6
7.g4 h6
8.Bf1e2 Nb8c6
9.Qd1d2 Qd8c7
10.O-O-O b5
11.Be2xb5 axb5
12.Nd4xb5 Qc7b8
13.Nb5xd6 Bf8xd6
14.Qd2xd6 Qb8xd6
15.Rd1xd6 Nc6e5
16.Rh1d1 O-O
17.g5 hxg5
18.Be3xg5 Nf6g4
19.f4 Ne5f3
20.Bg5e7 Rf8e8
21.Rd6d8 Bc8b7
22.Rd8xa8 Bb7xa8
23.h3 Ng4f6
24.Be7xf6 gxf6
25.Rd1d3 Nf3h4
26.Rd3g3 Kf8
27.Nc3b5 Re8d8
28.Nb5c3 Nh4g6
29.Rg3g4 Rd8d4
30.h4 Ba8xe4
31.h5 Be4f3
32.a4 Bf3xg4
33.hxg6 fxg6
34.a5 Rd4xf4
35.a6 Bg4f3
36.Nc3b5 Rf4b4
37.Nb5c7 Ke7
38.c3 Rb4c4
39.Nc7b5 Rc4c5
40.Nb5d4 Bf3a8
41.Kc2 Rc5a5
{ resign }
0-1